LIBRARY & INFORMATION CENTRE, KCAET, TAVANUR

ONLINE PUBLIC ACCESS CATALOGUE (OPAC)

Jayililekku / (Record no. 589)

MARC details
000 -LEADER
fixed length control field 00453cam a2200181ua 4500
041 ## - LANGUAGE CODE
Language code of text/sound track or separate title mal
082 ## - DEWEY DECIMAL CLASSIFICATION NUMBER
Classification number 894.812 1
Item number SRE/JA
100 ## - MAIN ENTRY--AUTHOR NAME
Personal name Sreedharan, Mannarghat .
245 ## - TITLE STATEMENT
Title Jayililekku /
260 ## - PUBLICATION, DISTRIBUTION, ETC. (IMPRINT)
Place of publication Thrissur :
Name of publisher Current Books ,
Year of publication 1957.
300 ## - PHYSICAL DESCRIPTION
Number of Pages 59 ; .
650 ## - SUBJECT ADDED ENTRY--TOPICAL TERM
Topical Term Poems - Malayalam
942 ## - ADDED ENTRY ELEMENTS (KOHA)
Koha item type Books
Holdings
Withdrawn status Lost status Damaged status Home library Current library Date acquired Full call number Accession Number Koha item type
Withdrawn     KAUAET Malayalam University 07/04/2012 894.812 1 1721 Books
free website counter